Statistics for Frozen - Reindeers are better than people lyrics

Click here to take the quiz!

General Stats

  • This quiz has been taken 609 times
  • The average score is 42 of 64

Answer Stats

Answer% Correct
Are
100%
Better
100%
Reindeers
100%
People,
99%
Than
99%
Don't
93%
Sven
93%
You
93%
Think
91%
That's
86%
True?
86%
People
70%
You,
69%
Will
68%
You,
67%
And
66%
You,
65%
And
63%
You.
63%
Beat
62%
Better
61%
Don't
61%
Except
61%
People
61%
Than
61%
Think
61%
You
61%
Of
60%
Reindeers,
60%
Smell
60%
Sven,
60%
Yeah,
60%
But
59%
Cheat
59%
Don't
59%
Em's
59%
Every
59%
Except
59%
I'm
59%
One
59%
Right?
59%
True,
59%
You.
59%
A
58%
All
58%
Bad,
58%
Let
58%
The
58%
Bite.
57%
For
57%
Good
57%
It
57%
Night.
57%
Night.
57%
You
57%
Call
56%
Let's
56%
That's
56%
Again
55%
Curse
55%
Got
54%
Me.
54%
Once
54%
Frostbite
52%

Score Distribution

Percentile by Number Answered

Percent of People with Each Score

Your Score History

You have not taken this quiz